000
00311 a2200157 4500
001
161766
020
_a
040
_c
Magnum
100
_a
Rey, Marcos
240
1
0
_a
Quem manda ja morreu
_l
por
245
1
0
_a
Quem manda ja morreu
362
0
_a
1899
440
1
_a
Ática
697
_a
J/GERAL
942
_c
BK
999
_c
161766
_d
161766